banner koha

Educacao ambiental: principios; historia; formacao de professores (Registro n. 62247)

MARC details
000 -LÍDER
campo de controle de tamanho fixo 00770nam a22002777a 4500
001 - NÚMERO DE CONTROLE
campo de controle BR0002046
003 - IDENTIFICADOR DO NÚMERO DE CONTROLE
campo de controle BR-BrBNA
005 - DATA E HORÁRIO DA ÚLTIMA TRANSAÇÃO
campo de controle 20230928100649.0
007 - CAMPO FIXO DE DESCRIÇÃO FÍSICA--INFORMAÇÃO GERAL
campo de controle de tamanho fixo ta
008 - CAMPO DE DADOS FIXOS--INFORMAÇÃO GERAL
campo de controle de tamanho fixo 230509b bl.||||| |||| 00| 0 por d
040 ## - FONTE DA CATALOGAÇÃO
Instituição da catalogação original BR-BrBNA
Idioma da catalogação por
Instituição que transcreveu o registro Biblioteca Nacional de Agricultura
041 ## - CÓDIGO DE IDIOMA
Código do idioma do texto/trilha sonora ou título diferente (Por)
072 ## - CÓDIGO DE CATEGORIA DE ASSUNTO
Código de Categoria de Assunto P01; B50; C10
090 ## - NÚMERO DE CHAMADA LOCAL
-- P01 BR0002046
100 1# - ENTRADA PRINCIPAL--NOME PESSOAL
Nome pessoal Cascino, F.
245 1# - TÍTULO
Título Educacao ambiental: principios; historia; formacao de professores
260 3# - PUBLICAÇÃO, DISTRIBUIÇÃO, ETC.
Local de publicação, distribuição, etc. Sao Paulo, SP (Brasil):
Nome do editor, distribuidor, etc. Editora Senac,
Data da publicação, distribuição, etc. 1999.
300 ## - DESCRIÇÃO FÍSICA
Extensão 109 p.
500 ## - NOTA GERAL
Nota geral Bibliography p. 105-109
650 ## - ASSUNTO--TERMO TÓPICO
Cabeçalho tópico ou nome geográfico Educacao Ambiental
650 ## - ASSUNTO--TERMO TÓPICO
Cabeçalho tópico ou nome geográfico Historia
650 ## - ASSUNTO--TERMO TÓPICO
Cabeçalho tópico ou nome geográfico Meio Ambiente
650 ## - ASSUNTO--TERMO TÓPICO
Cabeçalho tópico ou nome geográfico Formacao Profissional
909 ## -
-- 202309
-- Lucia
-- 55
-- Lucia Elande
942 ## - ELEMENTOS DE ENTRADA ADICIONADOS (KOHA)
Tipo de material Koha Livros
Exemplares
Situação do descarte Fonte da classificação ou esquema de arquivamento na estante Situação física Não pode ser emprestado Coleção Biblioteca de origem Biblioteca atual Total de empréstimos Número de telefone completo Código de barras Data de último acesso Número do exemplar Tipo de material Koha Situação das perdas Data de aquisição Fonte de aquisição
  Classificação AGRIS       Biblioteca Nacional de Agricultura - Binagri Biblioteca Nacional de Agricultura - Binagri   P01 BR0002046 P01 BR0002046 25/09/2023 01 Livros   2023-09-25 Portaria Interministerial nº 164/94

BINAGRI

Telefone: (61)3218-2567/2388/3357/2097 - binagri@agro.gov.br

Ministério da Agricultura e Pecuária , Esplanada dos Ministérios, Bloco D, Anexo B, Brasília/DF, CEP: 70.043-900